| 000 | 01077nam a22002057a 4500 | ||
|---|---|---|---|
| 003 | BD-DhUL | ||
| 005 | 20170226161307.0 | ||
| 008 | 170220s2003 bg a|||| m||| 00| 0 ben d | ||
| 040 |
_aBD-DhUL _cBD-DhUL |
||
| 082 |
_a891.2 _bGHS |
||
| 100 | 1 | _aঘোষ, বাসুদেব | |
| 245 | 1 | 0 |
_aসংস্কৃত কলা সাহিত্যে সমাজ চেতনা : _b৪০০-১২০০ / _cবাসুদেব ঘোষ । _h অভিসন্দর্ভ (পিএইচডি) । |
| 260 |
_aঢাকা : _bঢাকা বিশ্ববিদ্যালয়, _c২০০৩ । |
||
| 300 |
_a ১৭৩ পৃ. ; _c২৯ সে. মি. । |
||
| 500 | _a অভিসন্দর্ভ (পিএইচডি) -- সংস্কৃত ও পালি বিভাগ, ঢাকা বিশ্ববিদ্যালয়, ২০০৩ । | ||
| 504 | _aগ্রন্থপজ্ঞি সম্বলিত । | ||
| 650 | 0 | _aসংস্কৃত সাহিত্য । | |
| 650 | 0 | _2Sanskrit literature. | |
| 942 |
_2ddc _cREF |
||
| 999 |
_c158087 _d158087 |
||